000 02069nam a2200349 a 4500
001 000024922
003 DO-SdBNP
005 20250421122753.0
007 ta
008 110131s2015 dr 000 0 spa d
020 _a9789945590043 (t. 1)
020 _a9789945590050 (t. 2)
040 _aDO-SdBNP
_bspa
_cBNPHU
082 4 _a972.9305
_bD695c
_222
100 1 _aDore y Cabral, Carlos
_96975
245 1 0 _aCrónica de una razón apasionada :
_bartículos de periodísticos 1997-2000 /
_cCarlos Dore Cabral; prólogo, Laura Faxas; prefacio, José Rafael Lantigua.
260 _aSanto Domingo :
_bFundación Global Democracia y Desarrollo,
_c2015.
_fBúho
300 _a2 v. ;
_c23 cm.
490 1 _aDemocracia
500 _aIncluye datos biográficos del autor en la solapa de la cubierta.
500 _aIncluye referencias bibliográficas y notas a píe de páginas
500 _aRecopilación en dos tomos de artículos publicados en diarios dominicanos entre 1997 y 2000 que presentan una defensa del primer período que el Partido Dominicano de la Liberación (PLD) gobernó la República Dominicana. Carlos Dore y Cabral (1932-2014) fue un político asociado al PLD y un sociólogo. Entre sus publicaciones anteriores se encuentran Actitudes hacia el trabajo en la República Dominicana (2007), Ciudadanía y democracia en la República Dominicana (2006), Problemas de la estructura agraria dominicana (1979), Reforma agraria de la estructura agraria dominicana, 1966-1978 (1981), y Problemas sociológicos de fin de siglo (1999), entre muchos otros.
590 _aInventariado, 2019/VM
651 4 _aRepública Dominicana
_xPolítica y gobierno
_y1961-
_9204
651 4 _aRepública Dominicana
_xCondiciones sociales
_y1961-
_97345
651 4 _aRepública Dominicana
_xCondiciones económicas
_y1961-
_97344
700 1 _aLantigua, José Rafael,
_d1949-
_91438
700 1 _aFaxas, Laura
_eprol.
_913228
830 0 _aDemocracia (Fundación Global Democracia y Desarrollo)
_933472
910 _aValidado. Control de calidad MFF
942 _2ddc
_cLBS1
999 _c24415
_d24415